|
|
|
|
| LEADER |
00000cam a2200000 7i4500 |
| 001 |
0000002416 |
| 005 |
20030609.0 |
| 020 |
0 |
0 |
|a 0309041643 (v. 2)
|
| 090 |
0 |
0 |
|a 634.98
|b FIR 1986
|
| 245 |
0 |
0 |
|a FIREWOOD crops :
|b shrub and tree species for energy production : report of an ad hoc panel of the Advisory Committee on Technology Innovation, Board on Science and Technology for International Development, Office of International Affairs
|
| 260 |
0 |
0 |
|a Washington, D.C. :
|b National Academy Press ,
|c 1983
|
| 300 |
|
|
|a v. :
|b ill. ;
|c 25 cm.
|
| 500 |
0 |
0 |
|a Includes bibliographies and index
|
| 650 |
0 |
0 |
|a Botany, Economic
|
| 650 |
0 |
0 |
|a Fuelwood crops
|
| 650 |
0 |
0 |
|a Shrubs
|
| 650 |
0 |
0 |
|a Trees
|
| 998 |
|
|
|a JPSM
|
| 999 |
|
|
|a 0000004038
|b Monograph
|c Open Shelf
|e Default branch
|